Big 4 Sports Cities Matrix - Statistics

General Stats
  • This quiz has been taken 392 times
  • The average score is 11 of 14
Answer Stats
NFL NBA MLB NHL City % Correct
✔️ ✔️ ✔️ ✔️ New York | Los Angeles | Chicago | Dallas | Miami | Washington | Philadelphia | Boston | San Francisco Bay Area | Detroit | Minneapolis | Denver
100%
✔️ ✔️ ✔️ Houston | Atlanta | Phoenix | Cleveland
93%
✔️ ✔️ ✔️ Seattle | Tampa | Pittsburgh
87%
✔️ Orlando | San Antonio | Portland | Sacramento | Oklahoma City | Memphis
84%
✔️ Montreal | Vancouver | Columbus | Raleigh | Ottawa | Calgary | Edmonton | Winnipeg
83%
✔️ ✔️ ✔️ Toronto
80%
✔️ ✔️ Baltimore | Cincinnati | Kansas City
79%
✔️ ✔️ Las Vegas | Nashville | Buffalo
79%
✔️ ✔️ Charlotte | Indianapolis | New Orleans
78%
✔️ Jacksonville | Green Bay
78%
✔️ ✔️ Milwaukee
65%
✔️ ✔️ Salt Lake City
65%
✔️ San Diego
65%
✔️ ✔️ St. Louis
64%
No matching quizzes found
Score Distribution
Percent of People with Each Score
Percentile by Number Answered
Your Score History
You have not taken this quiz